000 00377nam a2200157Ia 4500
008 200103s9999||||xx |||||||||||||| ||und||
020 _a9780415153102
040 _aIMU-MPC
082 _aColumn-19
100 _aStopford, Martin
245 0 _aMaritime Economics
250 _a2nd ed.
260 _bRoutledge & Kegan Paul, London
_c1997
300 _axxxii, 562
942 _cBK
999 _c6370
_d6370